ბათუმის შოთა რუსთაველის სახელმწიფო უნივერსიტეტის ბიბლიოთეკა

ქართული (აჭარული) ზღაპრები : (ბიბ.ჩანაწერი № 38141)

000 -ლიდერი
ფიქსირებული სიგრძის საკონტროლო ველი 01132nam a2200205Ia 4500
001 - საკონტროლო ნომერი
საკონტროლო ველი 4131
003 - საკონტროლო ნომრის იდენტიფიკატორი
საკონტროლო ველი GE_BSU
005 - ბოლო ოპერაციის თარიღი და დრო
საკონტროლო ველი 20190927112730.0
008 - ფიქსირებული სიგრძის მონაცემთა ელემენტები - ზოგადი ინფორმაცია
ფიქსირებული სიგრძის საკონტროლო ველი 181216s1973||||ge |||||||||||||| ||geo||
040 ## - კატალოგიზაციის წყარო
Transcribing agency GE_BSU
041 ## - ენის კოდი
Language code of text/sound track or separate title geo
080 ## - უნივერსალური ათობითი კლასიფიკაციის ინდექსი
Universal Decimal Classification number 398(479.223)+821.253.1 ქ–27
245 ## - ცნობა სათაურის შესახებ
Title ქართული (აჭარული) ზღაპრები :
Remainder of title ტ. 1 : ზღაპრები ცხოველთა შესახებ, ჯადოსნური ზღაპრები /
Statement of responsibility, etc შეადგინეს, შენიშვნები, საძიებლები და ლექსიკონი დაურთეს: ა. ახვლედიანმა, ე. ზოიძემ, ზ. თანდილავამ და სხვ.
264 ## - წარმოების, გამოცემის, დისტრიბუციის და სხვა ცნობები
გამოცემის, წარმოების, დისტრიბუციის... ადგილი ბათუმი :
გამოცემის, წარმოების, დისტრიბუციის... სახელწოდება საბჭ. აჭარა,
გამოცემის, წარმოების, დისტრიბუციის... თარიღი 1973.
300 ## - ფიზიკური აღწერა
Extent 164 გვ. ;
Other physical details 21 სმ.
653 ## - INDEX TERM--UNCONTROLLED
Uncontrolled term ზღაპრები
700 ## - ADDED ENTRY--PERSONAL NAME
Personal name ახვლედიანი, ა.
Relator term შემდგენელი
9 (RLIN) 1870
700 ## - ADDED ENTRY--PERSONAL NAME
Personal name ზოიძე, ე. და სხვ.
Relator term შემდგენელი
9 (RLIN) 3980
942 ## - ADDED ENTRY ELEMENTS (KOHA)
Koha item type წიგნი
Source of classification or shelving scheme
ეგზემპლარები
ჩამოწერის სტატუსი დაკარგული ეგზემპლარის სტატუსი კლასიფიკაციის წყარო ან თაროზე გაწყობის სქემა დაზიანების სტატუსი არ გაიცემა მუდმივი მდებარეობა (დაცვის ადგილი) ამჟამინდელი ადგილსამყოფელი თაროზე განთავსების ადგილი შეძენის თარიღი ღირებულება, შესყიდვის ნორმალური ფასი სრული შენახვის შიფრი შტრიხკოდი ბოლო ოპერაციის თარიღი ეგზემპლარის მიმდევრობითი ნომერი (კეტერი?) ფასის ძალაში შესვლის თარიღი ეგზემპლარის სახეობა საჯარო შენიშვნა
          ბათუმის შოთა რუსთაველის სახელმწიფო უნივერსიტეტის მთავარი ბიბლიოთეკა ბათუმის შოთა რუსთაველის სახელმწიფო უნივერსიტეტის მთავარი ბიბლიოთეკა წიგნსაცავი 2018-12-17 1.50 398(479.223)+821.253.1 5812 2018-12-17 5812 2018-12-17 წიგნი 1 ლ. 50 თ.
          ბათუმის შოთა რუსთაველის სახელმწიფო უნივერსიტეტის მთავარი ბიბლიოთეკა ბათუმის შოთა რუსთაველის სახელმწიფო უნივერსიტეტის მთავარი ბიბლიოთეკა წიგნსაცავი 2018-12-17 1.50 398(479.223)+821.253.1 ქ–27 5813 2018-12-17 5813 2018-12-17 წიგნი 1ლ. 50 თ.
          ბათუმის შოთა რუსთაველის სახელმწიფო უნივერსიტეტის მთავარი ბიბლიოთეკა ბათუმის შოთა რუსთაველის სახელმწიფო უნივერსიტეტის მთავარი ბიბლიოთეკა წიგნსაცავი 2018-12-17 1.50 398(479.223)+821.253.1 ქ–27 5814 2018-12-17 5814 2018-12-17 წიგნი 1 ლ. 50 თ.